000 01547nam a22004457a 4500
003 CHAP
005 20220329141449.0
008 971013s1986 r 00010 d
010 _a68584
011 _a69556
035 _a79033
040 _cCHAP
082 _a630.9723
_bE5
110 _aEl Colegio de Michoacán
_936101
245 _aEstudios michoacanos
260 _aZamora, Mich. :
_bEl Colegio de Michoacán,
_c1986
300 _av
500 _a29-222
500 _aLa biblioteca tiene: v.1, v.2
590 _aBATCH-UPD
_b10
_c20130109
_lUCH01
_h2314
590 _aBATCH-UPD
_b10
_c20130110
_lUCH01
_h0817
590 _aBATCH-UPD
_b10
_c20130409
_lUCH01
_h1833
590 _aBATCH-UPD
_b10
_c20130410
_lUCH01
_h0454
590 _aBATCH-UPD
_b10
_c20130913
_lUCH01
_h2303
590 _aBATCH-UPD
_b10
_c20130914
_lUCH01
_h1501
590 _aCONVERSION
_b10
_c20130109
_lUCH01
_h1338
650 1 4 _aAgricultura
_xMichoacán.
_91743
650 1 4 _aAguacate.
_92490
650 1 4 _aCaña de azúcar
_xMichoacán.
_918630
650 1 4 _aCrédito agrícola
_xMichoacán.
_929065
650 1 4 _aGanadería
_xMichoacán.
_944823
650 1 4 _aGanado porcino
_xMichoacán.
_945384
650 1 4 _aHistoria económica
_xMichoacán.
_955629
650 1 4 _aPesca cooperativa.
_987435
650 1 4 _aReforma agraria
_xHistoria
_zMichoacán.
_995553
901 _aBK
942 _cLIBRO
949 _a630.9723 E5
_bBC
_cLIBRO
_d33724000561486
_eLIBRO
_fv.2
_h75483
_i79033
_si
_t19.00
949 _a630.9723 E5
_bBC
_cLIBRO
_d33724000561494
_eLIBRO
_fv.1
_h75482
_i79033
_si
_t19.00
999 _c68584
_d68584